[Event "Titled Tue 3rd Jan Late"]
[Site "chess.com INT"]
[Date "2025.06.03"]
[Round "5"]
[White "Elier, Ali"]
[Black "Orshonova, Elena"]
[Result "1-0"]
[WhiteTitle "CM"]
[BlackTitle "WFM"]
[WhiteElo "2142"]
[BlackElo "1948"]
[WhiteFideId "16217543"]
[BlackFideId "24174750"]
[EventDate "2025.06.03"]

1. c4 e5 2. g3 Nf6 3. Bg2 c6 4. Nf3 d6 5. Nc3 Be7 6. O-O O-O 7. Qc2 Nbd7 8. d4
Re8 9. e4 Qc7 10. Re1 h6 11. h3 a5 12. Be3 Rb8 13. Rad1 b5 14. cxb5 cxb5 15.
dxe5 dxe5 16. Rc1 b4 17. Nd5 Qxc2 18. Rxc2 Nxd5 19. exd5 Bd6 20. Nd2 Bb7 21. Nc4
Bf8 22. Nxa5 Ba6 23. b3 Ra8 24. Nc6 e4 25. Bd4 Bd3 26. Rd2 Nf6 27. Bxf6 gxf6 28.
Bf1 Bxf1 29. Kxf1 Bc5 30. Rc2 Bb6 31. Ree2 e3 32. fxe3 Bxe3 33. Nxb4 Re5 34. Nc6
Rf5+ 35. Kg2 Bb6 36. Ne7+ 1-0

[Event "Titled Tue 3rd Jan Late"]
[Site "chess.com INT"]
[Date "2025.06.03"]
[Round "5"]
[White "Postny, Evgeny"]
[Black "Muromtsev, Arthur"]
[Result "1-0"]
[WhiteTitle "GM"]
[BlackTitle "FM"]
[WhiteElo "2525"]
[BlackElo "1967"]
[WhiteFideId "2804344"]
[BlackFideId "4177002"]
[EventDate "2025.06.03"]

1. Nf3 Nf6 2. c4 g6 3. d4 Bg7 4. Nc3 c5 5. d5 O-O 6. e4 d6 7. Be2 b5 8. cxb5 a6
9. a4 axb5 10. Bxb5 Ba6 11. Bd2 Nbd7 12. O-O Nb6 13. Qe2 Qc8 14. h3 Nfd7 15.
Rfc1 Ne5 16. Nxe5 Bxe5 17. f4 Bd4+ 18. Kh2 e5 19. Rf1 Bxb5 20. axb5 Rxa1 21.
Rxa1 f5 22. Ra6 Nd7 23. Rxd6 exf4 24. Bxf4 fxe4 25. Bg3 e3 26. b6 Be5 27. Bxe5
Nxe5 28. Qxe3 Qf5 29. b7 Qh5 30. Qg3 Qf5 31. Re6 Nd3 32. b8=Q Nf4 33. Re8 Kg7
34. Rxf8 1-0

[Event "Titled Tue 3rd Jan Late"]
[Site "chess.com INT"]
[Date "2025.06.03"]
[Round "5"]
[White "Lazavik, Denis"]
[Black "Saidov, Bilukhadzh"]
[Result "1-0"]
[WhiteTitle "GM"]
[BlackTitle "FM"]
[WhiteElo "2577"]
[BlackElo "2309"]
[WhiteFideId "13515110"]
[BlackFideId "34165476"]
[EventDate "2025.06.03"]

1. e4 c5 2. Nf3 Nf6 3. e5 Nd5 4. Nc3 e6 5. Ne4 Nc6 6. c4 f5 7. cxd5 fxe4 8. dxc6
exf3 9. Qxf3 dxc6 10. Bd3 Qd5 11. Qg3 c4 12. Bc2 Bd7 13. b3 O-O-O 14. O-O Bc5
15. bxc4 Qxc4 16. Bb3 Qd4 17. Rb1 Rhf8 18. Bb2 Qf4 19. d4 Qxg3 20. hxg3 Bb6 21.
Rbd1 h5 22. Ba3 Rf5 23. Rfe1 Rh8 24. Re4 g5 25. Bc5 Bxc5 26. dxc5 Kc7 27. Rd6
Re8 28. f3 b6 29. Bc2 bxc5 30. Re3 Rff8 31. Ra3 Ra8 32. Be4 a5 33. Rad3 Rad8 34.
Kf2 Bc8 35. Rxc6+ Kb8 36. Rb3+ Ka7 37. Rc7+ Ka6 38. Bd3+ 1-0

[Event "Titled Tue 3rd Jan Late"]
[Site "chess.com INT"]
[Date "2025.06.03"]
[Round "5"]
[White "Kovacsy, Barnabas"]
[Black "De Sousa, Antonio Micaias Silva"]
[Result "1-0"]
[WhiteTitle "FM"]
[WhiteElo "2252"]
[BlackElo "2007"]
[WhiteFideId "769290"]
[BlackFideId "22798528"]
[EventDate "2025.06.03"]

1. e4 c5 2. Nf3 e6 3. d4 cxd4 4. Nxd4 a6 5. Bd3 Qc7 6. O-O Nf6 7. c4 Be7 8. Kh1
O-O 9. Nc3 b6 10. Be3 d6 11. Rc1 Bb7 12. b4 Nbd7 13. f3 Rac8 14. Qe1 Qb8 15. Qg3
Rfe8 16. f4 Bd8 17. Nf3 Bc7 18. Bd4 e5 19. fxe5 dxe5 20. Be3 Nh5 21. Qh3 Ndf6
22. Nd5 Bxd5 23. cxd5 h6 24. Bxa6 Rcd8 25. Bb5 Rf8 26. Nd2 Nf4 27. Qf3 Bd6 28.
g3 N4h5 29. a3 Qa7 30. Nc4 Bc7 31. a4 g6 32. Bxh6 Rfe8 33. Bg5 Kg7 34. Bxf6+
Nxf6 35. Qxf6+ 1-0

[Event "Titled Tue 3rd Jan Late"]
[Site "chess.com INT"]
[Date "2025.06.03"]
[Round "5"]
[White "Rozman, Levy"]
[Black "Becking, Stephan"]
[Result "1-0"]
[WhiteTitle "IM"]
[BlackTitle "IM"]
[WhiteElo "2324"]
[BlackElo "2410"]
[WhiteFideId "2039877"]
[BlackFideId "4632478"]
[EventDate "2025.06.03"]

1. d4 d5 2. Bg5 c6 3. Nc3 Nf6 4. f3 h6 5. Bh4 Bf5 6. e4 dxe4 7. Bxf6 exf6 8.
fxe4 Bg6 9. Nf3 Bb4 10. Bd3 O-O 11. a3 Ba5 12. O-O Nd7 13. Qe2 Re8 14. Rae1 Bc7
15. Qf2 Bb6 16. Na4 Bc7 17. b4 Qe7 18. Nh4 Bh7 19. c3 Rad8 20. Nf5 Bxf5 21. Qxf5
Nf8 22. Nb2 Qe6 23. Qh5 Qb3 24. Bc4 Qxb2 25. Qxf7+ Kh7 26. Qg8+ Kg6 27. Bf7+ Kg5
28. Qxg7+ Kh4 29. Qxh6+ Kg4 30. Bh5+ Kh4 31. Bxe8+ Kg4 32. Rf4+ Bxf4 33. h3+ Kg3
34. Re3+ Bxe3+ 35. Qxe3+ Kh4 36. Qf4# 1-0

[Event "Titled Tue 3rd Jan Late"]
[Site "chess.com INT"]
[Date "2025.06.03"]
[Round "5"]
[White "Ferrara, Enzo"]
[Black "Antoniou, Rafail"]
[Result "0-1"]
[BlackTitle "CM"]
[WhiteElo "2138"]
[BlackElo "2134"]
[WhiteFideId "137731"]
[BlackFideId "5904390"]
[EventDate "2025.06.03"]

1. d4 d5 2. Nf3 c6 3. g3 Nf6 4. Bg2 Bg4 5. O-O Bxf3 6. Bxf3 e6 7. a4 Nbd7 8. a5
a6 9. Nc3 Bd6 10. Bg2 O-O 11. e4 dxe4 12. Nxe4 Nxe4 13. Bxe4 Nf6 14. Bg2 Bb4 15.
Bd2 Bxd2 16. Qxd2 Qd6 17. c3 Rfd8 18. Qg5 h6 19. Qe3 Rd7 20. Rfe1 Rad8 21. Ra4
Nd5 22. Bxd5 Qxd5 23. Qf4 c5 24. Qe5 cxd4 25. Qxd5 Rxd5 26. c4 R5d7 27. Kf1 g5
28. Ke2 Kg7 29. Kd3 Kf6 30. Rb4 e5 31. Rb6+ Kf5 32. f3 g4 33. Rf1 gxf3 34. Rxf3+
Kg4 35. Rff6 e4+ 36. Kxe4 d3 37. Rf1 Re8+ 0-1

[Event "Titled Tue 3rd Jan Late"]
[Site "chess.com INT"]
[Date "2025.06.03"]
[Round "5"]
[White "Arkell, Keith C"]
[Black "Yushko, Olga"]
[Result "1-0"]
[WhiteTitle "GM"]
[BlackTitle "WFM"]
[WhiteElo "2342"]
[BlackElo "2036"]
[WhiteFideId "400270"]
[BlackFideId "14114500"]
[EventDate "2025.06.03"]

1. d4 Nf6 2. Nf3 e6 3. c4 d5 4. cxd5 exd5 5. Nc3 c6 6. Qc2 Be7 7. Bg5 O-O 8. e3
Nbd7 9. Bd3 Re8 10. O-O Ne4 11. Bxe4 dxe4 12. Nxe4 Bxg5 13. Nexg5 Nf6 14. Ne5
Re7 15. Qb3 Qf8 16. Rfe1 h6 17. Ngf3 Be6 18. Qc2 Rd8 19. b3 Nd5 20. a3 Bc8 21.
b4 Qe8 22. Rac1 f6 23. Nc4 Bg4 24. Ncd2 Qh5 25. h3 Bf5 26. Qd1 Bc8 27. Rc5 Qg6
28. Qb1 Bf5 29. e4 Bxh3 30. Nh4 Qg5 31. exd5 Qxh4 32. Rxe7 Qg4 33. Qe4 Qd1+ 34.
Nf1 f5 35. Qe6+ Kh7 36. gxh3 1-0

[Event "Titled Tue 3rd Jan Late"]
[Site "chess.com INT"]
[Date "2025.06.03"]
[Round "5"]
[White "Gustafsson, Jan"]
[Black "Yanev, Tihomir"]
[Result "1-0"]
[WhiteTitle "GM"]
[BlackTitle "IM"]
[WhiteElo "2591"]
[BlackElo "2354"]
[WhiteFideId "4625498"]
[BlackFideId "2910110"]
[EventDate "2025.06.03"]

1. Nf3 Nf6 2. c4 b6 3. g3 Bb7 4. Bg2 e6 5. b3 c5 6. Bb2 Be7 7. O-O O-O 8. d4
cxd4 9. Qxd4 Nc6 10. Qf4 Qb8 11. Nc3 a6 12. Rfd1 d6 13. h4 Rd8 14. g4 Ne5 15.
Nxe5 dxe5 16. Qg3 Bxg2 17. Qxg2 Nd7 18. Qc6 Ra7 19. g5 Rc7 20. Qf3 b5 21. cxb5
axb5 22. Ne4 Rcc8 23. Rac1 Nb6 24. h5 Nd5 25. e3 Rxc1 26. Rxc1 Rc8 27. Rxc8+
Qxc8 28. Bxe5 Qc2 29. h6 g6 30. Nf6+ Bxf6 31. gxf6 Qxa2 32. e4 Qb1+ 33. Kh2 Nb6
34. Qe3 1-0

[Event "Titled Tue 3rd Jan Late"]
[Site "chess.com INT"]
[Date "2025.06.03"]
[Round "5"]
[White "Rustemov, Alexander"]
[Black "Kislinsky, Alexey"]
[Result "0-1"]
[WhiteTitle "GM"]
[BlackTitle "GM"]
[WhiteElo "2525"]
[BlackElo "2350"]
[WhiteFideId "4119002"]
[BlackFideId "14108801"]
[EventDate "2025.06.03"]

1. d4 d5 2. c4 dxc4 3. Nf3 Nf6 4. e3 e6 5. Bxc4 a6 6. O-O b5 7. Be2 Bb7 8. a4 b4
9. Nbd2 Nbd7 10. b3 c5 11. Bb2 Be7 12. Nc4 O-O 13. Nfe5 cxd4 14. Qxd4 Nc5 15.
Bd1 Qc7 16. Bc2 Rad8 17. Qf4 Nd5 18. Qg3 Nc3 19. Rfe1 N5e4 20. Qf4 Bg5 21. Qg4
f5 22. Qh3 Bd5 23. f3 Nc5 24. Qg3 Qe7 25. Qh3 Bf6 26. Rac1 Bxe5 27. Nxe5 a5 28.
Bxc3 bxc3 29. Bd1 Bxb3 30. Bxb3 Nxb3 31. Rxc3 Qb4 32. Rcc1 Nxc1 33. Rxc1 Qd2 0-1

[Event "Titled Tue 3rd Jan Late"]
[Site "chess.com INT"]
[Date "2025.06.03"]
[Round "5"]
[White "Pereyra, Horacio"]
[Black "Sethuraman, Roshan"]
[Result "1/2-1/2"]
[WhiteElo "2133"]
[BlackElo "2074"]
[WhiteFideId "113700"]
[BlackFideId "30965250"]
[EventDate "2025.06.03"]

1. d4 d5 2. Nc3 Nf6 3. Bg5 e6 4. e4 dxe4 5. Nxe4 Be7 6. Bxf6 Bxf6 7. Nf3 Be7 8.
c3 b6 9. Bd3 Bb7 10. Qe2 Nd7 11. O-O-O Nf6 12. Rhe1 Qd5 13. Nxf6+ Bxf6 14. Be4
Qxe4 15. Qxe4 Bxe4 16. Rxe4 O-O-O 17. Kc2 Rd5 18. Ree1 Rhd8 19. h3 h5 20. a3 Kb7
21. b4 a5 22. Re3 axb4 23. axb4 Ra8 24. Kb3 c5 25. c4 Rd6 26. d5 exd5 27. Rxd5
Rad8 28. bxc5 Rxd5 29. cxd5 Rxd5 30. cxb6 Kxb6 31. Kc4 Rc5+ 32. Kd3 Rc3+ 33. Ke2
Rc2+ 34. Kf1 Kc7 35. Re2 Rc5 36. g3 g6 37. Kg2 Kd7 38. Nd2 Rc2 39. Kf3 Rc3+ 40.
Kg2 Rd3 41. Ne4 Bd4 42. Rd2 Rxd2 43. Nxd2 Ke6 44. Kf3 Bb6 45. g4 hxg4+ 46. hxg4
Kf6 47. Nc4 Bc5 48. Nd2 Ba7 49. Ne4+ Ke5 50. Nd2 Bd4 51. Nc4+ Kf6 52. Nd2 Kg5
53. Ne4+ Kh6 54. g5+ Kg7 55. Kg4 Kf8 56. f4 Ke7 57. f5 gxf5+ 58. Kxf5 Be3 59. g6
fxg6+ 60. Kxg6 1/2-1/2

[Event "Titled Tue 3rd Jan Late"]
[Site "chess.com INT"]
[Date "2025.06.03"]
[Round "5"]
[White "Ghoreishi Amiri, Seyed Kian"]
[Black "Ivanov, Andrey A."]
[Result "1-0"]
[WhiteTitle "CM"]
[BlackTitle "CM"]
[WhiteElo "2215"]
[BlackElo "2103"]
[WhiteFideId "36757527"]
[BlackFideId "2514311"]
[EventDate "2025.06.03"]

1. Nf3 Nf6 2. c4 e6 3. g3 d5 4. Bg2 c5 5. O-O Nc6 6. cxd5 exd5 7. d4 Be6 8. Nc3
Be7 9. Bg5 O-O 10. dxc5 Qa5 11. Bxf6 Bxf6 12. Nxd5 Bxd5 13. Qxd5 Rad8 14. Qb3
Qxc5 15. Rac1 Qb6 16. Qxb6 axb6 17. b3 Ra8 18. a4 Na5 19. b4 Nc6 20. b5 Ne5 21.
Nxe5 Bxe5 22. Rc4 Rfc8 23. Rfc1 Rxc4 24. Rxc4 g6 25. Bxb7 Ra7 26. Bf3 Bd6 27.
Kg2 Bc5 28. Bc6 Kg7 29. e3 h5 30. Kf3 Kf6 31. Ke4 Ke6 32. f4 Kd6 33. Kf3 Re7 34.
e4 Ra7 35. e5+ Ke6 36. Ke4 f5+ 37. Kf3 Ra5 38. Be8 h4 39. gxh4 Ra7 40. Bxg6 Kd5
41. Rc3 Ke6 42. Rc4 Kd5 43. Rc2 Rxa4 44. Bxf5 Ra7 45. h5 Bf8 46. Be4+ Ke6 47.
Rc6+ Kf7 48. Rxb6 Kg7 49. Rb7+ Rxb7 50. Bxb7 Bc5 51. f5 Kh6 52. f6 Kh7 53. e6
Kg8 54. e7 Kf7 55. Bd5+ Kxf6 56. e8=Q Be7 57. Qf7+ Kg5 58. Qxe7+ Kh6 59. Qf6+
Kh7 60. Qg5 Kh8 61. h4 Kh7 62. Kf2 Kh8 63. Ke2 Kh7 64. Kd2 Kh8 65. Kc2 Kh7 66.
Kb2 Kh8 67. Ka2 Kh7 68. Ka3 Kh8 69. Ka4 Kh7 70. Ka5 Kh8 71. Ka6 Kh7 72. Ka7 Kh8
73. Ka8 Kh7 74. b6 Kh8 75. b7 Kh7 76. Qg6+ Kh8 77. b8=R# 1-0

[Event "Titled Tue 3rd Jan Late"]
[Site "chess.com INT"]
[Date "2025.06.03"]
[Round "5"]
[White "Robert, Yoann"]
[Black "Dudin, Gleb"]
[Result "0-1"]
[WhiteTitle "CM"]
[BlackTitle "GM"]
[WhiteElo "2198"]
[BlackElo "2564"]
[WhiteFideId "36018805"]
[BlackFideId "34184934"]
[EventDate "2025.06.03"]

1. Nf3 d5 2. e3 Nf6 3. c4 e6 4. Nc3 b6 5. cxd5 exd5 6. g3 Be7 7. Bg2 O-O 8. O-O
c5 9. d4 Nc6 10. b3 Bg4 11. Ne2 Rc8 12. dxc5 bxc5 13. Bb2 c4 14. h3 Bf5 15. Nf4
Be4 16. Qe2 Nb4 17. bxc4 dxc4 18. Nd4 Bxg2 19. Kxg2 Nfd5 20. Nxd5 Nxd5 21. Rfd1
c3 22. Bc1 Bf6 23. Ba3 Re8 24. Qf3 Qa5 25. Rac1 Nxe3+ 26. fxe3 Qxa3 27. Rc2 h6
28. Nb5 Qa4 29. Qf5 Rc5 30. Qxc5 Qxc2+ 31. Kf3 Qxd1+ 0-1

[Event "Titled Tue 3rd Jan Late"]
[Site "chess.com INT"]
[Date "2025.06.03"]
[Round "5"]
[White "Andrews, Todd"]
[Black "Cagliumi, Rodrigo Cesar"]
[Result "1-0"]
[WhiteTitle "FM"]
[WhiteElo "2097"]
[BlackElo "2121"]
[WhiteFideId "2012456"]
[BlackFideId "2109573"]
[EventDate "2025.06.03"]

1. e4 d6 2. d4 Nf6 3. Bd3 g6 4. c3 Bg7 5. Ne2 O-O 6. Nd2 e5 7. O-O Nbd7 8. Nf3
h6 9. Ng3 Qe7 10. h3 c6 11. Re1 Re8 12. a4 Nf8 13. Be3 Qc7 14. Qd2 Kh7 15. a5
Ne6 16. Bc2 Bd7 17. a6 b6 18. Rad1 Rad8 19. Bb3 Bc8 20. Ra1 Nf8 21. Qc2 Be6 22.
dxe5 dxe5 23. Red1 Bxb3 24. Qxb3 Ne6 25. Qc4 Nd7 26. b4 Kg8 27. Rd2 Nb8 28. Rad1
Rxd2 29. Rxd2 Rd8 30. h4 Rxd2 31. Nxd2 Qd7 32. h5 Kh7 33. hxg6+ fxg6 34. Ngf1
Nf4 35. Bxf4 exf4 36. Nf3 Qe7 37. Qd3 Qf6 38. e5 Qe6 39. Qd8 Bxe5 40. N1d2 Nxa6
41. Ne4 Bg7 42. Neg5+ 1-0

[Event "Titled Tue 3rd Jan Late"]
[Site "chess.com INT"]
[Date "2025.06.03"]
[Round "5"]
[White "Erzhanov, Arman"]
[Black "Kiseleva, Arina"]
[Result "1-0"]
[WhiteTitle "FM"]
[BlackTitle "WCM"]
[WhiteElo "2136"]
[BlackElo "1994"]
[WhiteFideId "4138821"]
[BlackFideId "4164989"]
[EventDate "2025.06.03"]

1. e4 c6 2. d4 d5 3. exd5 cxd5 4. Bd3 Nf6 5. h3 Nc6 6. c3 g6 7. Qc2 e5 8. dxe5
Nxe5 9. Be3 Nxd3+ 10. Qxd3 Bf5 11. Qb5+ Qd7 12. Qxd7+ Kxd7 13. Nf3 Bd6 14. Nbd2
Ne4 15. Nxe4 Bxe4 16. O-O-O Bxf3 17. gxf3 Kc6 18. Rhg1 f6 19. Rg4 Be5 20. f4 f5
21. Rgg1 Bf6 22. Rd3 b6 23. Rgd1 Rad8 24. Kd2 Rhe8 25. Ke2 a6 26. Kf3 b5 27. Ra1
Rd7 28. a4 Rb7 29. axb5+ axb5 30. Ra6+ Kd7 31. Rxf6 Re7 32. Rxd5+ 1-0

[Event "Titled Tue 3rd Jan Late"]
[Site "chess.com INT"]
[Date "2025.06.03"]
[Round "5"]
[White "Vila Dupla, Aurelio"]
[Black "Gerbelli Neto, Eduardo"]
[Result "1/2-1/2"]
[WhiteTitle "FM"]
[WhiteElo "2056"]
[BlackElo "2114"]
[WhiteFideId "2203383"]
[BlackFideId "2103281"]
[EventDate "2025.06.03"]

1. e4 e5 2. Nf3 Nc6 3. Nc3 Nf6 4. g3 Bc5 5. Bg2 d6 6. h3 O-O 7. O-O Nd4 8. d3 c6
9. Na4 Nxf3+ 10. Qxf3 Bb4 11. Bg5 b5 12. Nc3 h6 13. Bxf6 Qxf6 14. Qxf6 gxf6 15.
Ne2 Bd7 16. a4 a6 17. Ra2 Bc5 18. axb5 axb5 19. Rfa1 Rxa2 20. Rxa2 Be6 21. Ra6
Rc8 22. Kf1 d5 23. exd5 cxd5 24. c3 b4 25. Ke1 Kg7 26. g4 f5 27. gxf5 Bxf5 28.
Bxd5 Bxd3 29. Rc6 Rxc6 30. Bxc6 f5 31. Kd2 Bc4 32. f4 Bxe2 33. Kxe2 bxc3 34.
bxc3 exf4 35. Kf3 Be3 36. Bd5 Kf6 37. c4 Kg5 38. Kg2 Kh4 39. Bf3 Bc5 40. Bd5 Kg5
41. Bf3 Kf6 42. Bd5 Ke5 43. Kf3 Be3 44. Bf7 Kd4 45. Be6 Ke5 46. Bd5 1/2-1/2

[Event "Titled Tue 3rd Jan Late"]
[Site "chess.com INT"]
[Date "2025.06.03"]
[Round "5"]
[White "Tahmasebi, Hamidreza"]
[Black "Kilic, Eray"]
[Result "1-0"]
[WhiteTitle "FM"]
[BlackTitle "IM"]
[WhiteElo "2298"]
[BlackElo "2469"]
[WhiteFideId "12537527"]
[BlackFideId "44517173"]
[EventDate "2025.06.03"]

1. e4 c5 2. Nf3 Nc6 3. d4 cxd4 4. Nxd4 g6 5. c4 Nf6 6. Nc3 Nxd4 7. Qxd4 d6 8.
Be3 Bg7 9. f3 O-O 10. Qd2 a5 11. Na4 Nd7 12. Be2 Qc7 13. O-O Nc5 14. Nxc5 dxc5
15. Rad1 Be6 16. f4 Rfd8 17. Qc1 a4 18. f5 Bd7 19. Bh6 Bc6 20. Bxg7 Kxg7 21.
Qc3+ f6 22. Bf3 Qe5 23. Qxe5 fxe5 24. Kf2 gxf5 25. exf5 e4 26. Be2 Rd4 27. Ke3
Rad8 28. g4 Kf6 29. h4 h6 30. Rg1 Ke5 31. Rdf1 b5 32. g5 hxg5 33. Rxg5 Rd3+ 34.
Bxd3 Rxd3+ 35. Ke2 Kd4 36. f6 Re3+ 37. Kd2 Rd3+ 38. Ke2 Re3+ 39. Kd2 Rd3+ 40.
Kc2 exf6 41. Rxf6 Bd7 42. Rd6+ Kxc4 43. b3+ axb3+ 44. axb3+ Kb4 45. Rxd3 exd3+
46. Kxd3 Be6 47. h5 Bxb3 48. h6 Ba2 49. Kc2 Bb3+ 50. Kb2 c4 51. h7 c3+ 52. Kc1
Bc4 53. h8=Q Kb3 54. Qf8 b4 55. Rg3 Bb5 56. Rg4 Bc4 57. Qc5 c2 58. Qxc4+ Ka3 59.
Qxb4+ Ka2 60. Qb2# 1-0

[Event "Titled Tue 3rd Jan Late"]
[Site "chess.com INT"]
[Date "2025.06.03"]
[Round "5"]
[White "Carnicelli, Valerio"]
[Black "Wuebker, Paul-Luca"]
[Result "1-0"]
[WhiteTitle "FM"]
[BlackTitle "CM"]
[WhiteElo "2396"]
[BlackElo "2244"]
[WhiteFideId "856185"]
[BlackFideId "12939528"]
[EventDate "2025.06.03"]

1. e4 Nc6 2. Nc3 g6 3. Bc4 Bg7 4. f4 e6 5. Nf3 Nge7 6. d3 d5 7. Bb3 Bxc3+ 8.
bxc3 dxe4 9. dxe4 Qxd1+ 10. Kxd1 b6 11. Bb2 O-O 12. h4 h5 13. Ke2 Na5 14. Rad1
Ba6+ 15. Ke3 Rfd8 16. Ne5 Nec6 17. Nxc6 Nxc6 18. Rdg1 Na5 19. g4 hxg4 20. h5
Nc4+ 21. Bxc4 Bxc4 22. Rxg4 Kg7 23. hxg6 fxg6 24. Rhg1 Rg8 25. Kd4 Bxa2 26. c4
Rad8+ 27. Kc3 b5 28. cxb5 e5 29. Kb4 Kf7 30. Bxe5 Be6 31. Rh4 Rd7 32. c4 Ke8 33.
Ra1 c6 34. bxc6 1-0

[Event "Titled Tue 3rd Jan Late"]
[Site "chess.com INT"]
[Date "2025.06.03"]
[Round "5"]
[White "De Silva, L M S T"]
[Black "Erdogmus, Yagiz Kaan"]
[Result "0-1"]
[WhiteTitle "IM"]
[BlackTitle "GM"]
[WhiteElo "2391"]
[BlackElo "2618"]
[WhiteFideId "9953698"]
[BlackFideId "44599790"]
[EventDate "2025.06.03"]

1. e4 c5 2. Nf3 b6 3. d4 cxd4 4. Nxd4 Bb7 5. Bd3 e6 6. O-O a6 7. c4 Qc7 8. Nc3
Nf6 9. Qe2 h5 10. h3 Bd6 11. f4 Bc5 12. Be3 Nc6 13. Nb3 Bxe3+ 14. Qxe3 d6 15. a3
O-O-O 16. Nd2 d5 17. cxd5 exd5 18. Nxd5 Nxd5 19. exd5 Rxd5 20. Be4 Re8 21. Rae1
Kb8 22. Bxd5 Rxe3 23. Rxe3 Qd6 24. Rd3 Qc5+ 25. Kh2 Qb5 26. Bc4 Qxb2 27. Rb1 Qf6
28. Rxb6 Qxf4+ 29. Kg1 Kc7 30. Rb1 Ne5 31. Rf1 Qg5 0-1

[Event "Titled Tue 3rd Jan Late"]
[Site "chess.com INT"]
[Date "2025.06.03"]
[Round "5"]
[White "Popov, Konstantin"]
[Black "Bok, Benjamin"]
[Result "1/2-1/2"]
[WhiteTitle "FM"]
[BlackTitle "GM"]
[WhiteElo "2378"]
[BlackElo "2591"]
[WhiteFideId "34137910"]
[BlackFideId "1017063"]
[EventDate "2025.06.03"]

1. e4 c5 2. Nf3 d6 3. d4 cxd4 4. Nxd4 Nf6 5. Nc3 a6 6. h3 e5 7. Nde2 h5 8. Bg5
Be6 9. Nc1 Nbd7 10. Be2 Be7 11. Nb3 b5 12. a4 b4 13. Nd5 Nxd5 14. exd5 Bf5 15.
Bxe7 Qxe7 16. Na5 Qg5 17. g3 h4 18. g4 Be4 19. f3 Bg6 20. Qd2 Qxd2+ 21. Kxd2 Nb6
22. Bc4 Rc8 23. b3 Nxd5 24. Rac1 Nf4 25. Bxa6 Rc5 26. Bb5+ Kf8 27. Nc6 Nd5 28.
Rhe1 f6 29. Bc4 Nb6 30. Bb5 Nd5 31. Bc4 Nb6 32. Bb5 Nd5 1/2-1/2

[Event "Titled Tue 3rd Jan Late"]
[Site "chess.com INT"]
[Date "2025.06.03"]
[Round "5"]
[White "Shapiro, Daniel"]
[Black "Sivakumar, Ashvin"]
[Result "1-0"]
[WhiteTitle "FM"]
[BlackTitle "FM"]
[WhiteElo "2284"]
[BlackElo "2175"]
[WhiteFideId "2001780"]
[BlackFideId "5804655"]
[EventDate "2025.06.03"]

1. d4 d6 2. e4 g6 3. Nc3 Nf6 4. h3 Bg7 5. Nge2 O-O 6. Be3 e5 7. g4 Re8 8. Bg2
Nc6 9. O-O a6 10. a4 Rb8 11. Rb1 b5 12. axb5 axb5 13. b4 Bd7 14. d5 Ne7 15. Ng3
c6 16. g5 Nh5 17. Nxh5 gxh5 18. dxc6 Bxc6 19. Qxh5 Ng6 20. Qg4 Bd7 21. Qg3 Rc8
22. Nd5 Rxc2 23. h4 Kh8 24. h5 Ne7 25. h6 Bf8 26. Nf6 Ng6 27. Nxe8 Qxe8 28. Rfc1
Rc4 29. Rxc4 bxc4 30. Bf1 Qa8 31. Qf3 f5 32. gxf6 Be6 33. b5 Nh4 34. Qh1 Ng6 35.
b6 Qb7 36. Rc1 Nf4 37. Bxf4 exf4 38. Bxc4 Bg4 39. Qg2 Qc8 40. b7 Qxb7 41. Qxg4 1-0

[Event "Titled Tue 3rd Jan Late"]
[Site "chess.com INT"]
[Date "2025.06.03"]
[Round "5"]
[White "Guo, Felix"]
[Black "Gonzalez Vega, Alejandro"]
[Result "1-0"]
[BlackTitle "FM"]
[WhiteElo "2078"]
[BlackElo "2092"]
[WhiteFideId "30997550"]
[BlackFideId "3510042"]
[EventDate "2025.06.03"]

1. e4 c5 2. Nf3 a6 3. c3 e6 4. d4 cxd4 5. cxd4 d5 6. e5 Ne7 7. Nc3 Nec6 8. Bf4
Nd7 9. Bd3 Be7 10. h4 h6 11. Qd2 b5 12. a3 Na5 13. Qc2 Bb7 14. Rc1 Rc8 15. Qe2
Nb6 16. h5 Nbc4 17. Nd2 Nxd2 18. Bxd2 Nb3 19. Rc2 Nxd4 20. Qg4 Nxc2+ 21. Bxc2
Bf8 22. Bd3 Qc7 23. f4 Qc5 24. f5 d4 25. Ne2 Qxe5 26. fxe6 fxe6 27. Qg6+ Kd8 28.
Rf1 Bd6 29. Rf7 Bc6 30. Bf4 Qd5 31. Qxg7 Re8 32. Qxh6 e5 33. Be4 Qxf7 34. Qxd6+
Qd7 35. Bg5+ Re7 36. Bxe7+ Ke8 37. Bg6# 1-0

[Event "Titled Tue 3rd Jan Late"]
[Site "chess.com INT"]
[Date "2025.06.03"]
[Round "5"]
[White "Clawitter, Craig"]
[Black "Kovacs, Reka"]
[Result "1-0"]
[BlackTitle "WCM"]
[WhiteElo "2050"]
[BlackElo "1963"]
[WhiteFideId "2023105"]
[BlackFideId "790702"]
[EventDate "2025.06.03"]

1. e4 e5 2. Nf3 Nc6 3. Bb5 a6 4. Ba4 Nf6 5. O-O b5 6. Bb3 Be7 7. Re1 d6 8. c3
O-O 9. h3 Bb7 10. d4 Re8 11. Nbd2 Bf8 12. Bc2 g6 13. Nf1 Bg7 14. Ng3 Nb8 15.
dxe5 dxe5 16. Qxd8 Rxd8 17. Nxe5 Re8 18. Ng4 Nxg4 19. hxg4 Nc6 20. Bf4 b4 21.
Ne2 Re7 22. f3 Na5 23. cxb4 Nc4 24. Nc3 Nxb2 25. Nd5 Bxd5 26. exd5 Rd7 27. Rac1
Rad8 28. Be4 f5 29. gxf5 gxf5 30. Bxf5 Rf7 31. Be6 Nd3 32. Rxc7 Nxe1 33. Rxf7
Kh8 34. d6 Nd3 35. Bg3 Bd4+ 36. Kh2 Nxb4 37. d7 Nc6 38. Bh4 Be5+ 39. Kh3 Bc7 40.
Bxd8 Bxd8 41. Rf8+ Kg7 42. Rg8+ Kf6 43. Bd5 Ne7 44. Rxd8 Nxd5 45. Rf8+ 1-0

[Event "Titled Tue 3rd Jan Late"]
[Site "chess.com INT"]
[Date "2025.06.03"]
[Round "5"]
[White "Jaskolka, Tomasz"]
[Black "Rustamov, Rustam"]
[Result "0-1"]
[WhiteTitle "CM"]
[BlackTitle "FM"]
[WhiteElo "2200"]
[BlackElo "2323"]
[WhiteFideId "1170791"]
[BlackFideId "13440110"]
[EventDate "2025.06.03"]

1. d4 Nf6 2. Bf4 d5 3. e3 c5 4. c3 Nc6 5. Nd2 Bf5 6. Ngf3 e6 7. Qa4 Bd6 8. Ba6
bxa6 9. Qxc6+ Ke7 10. Qb7+ Qd7 11. Bxd6+ Kxd6 12. Qxa6+ Ke7 13. dxc5 Rhc8 14.
Ne5 Qc7 15. Qd6+ Qxd6 16. cxd6+ Kxd6 17. Nxf7+ Ke7 18. Ne5 Rab8 19. O-O-O a5 20.
f3 a4 21. g4 Bg6 22. Nxg6+ hxg6 23. Kc2 Nd7 24. e4 Nb6 25. exd5 Nxd5 26. Rhe1 a3
27. Nb3 Kf7 28. bxa3 Rxc3+ 29. Kb2 Rxf3 30. Rf1 Rf6 31. g5 Rf5 32. a4 Rh8 33.
Rxf5+ gxf5 34. Rd2 Nb6 35. Nc5 Nc4+ 36. Kc3 Nxd2 37. Kxd2 Rxh2+ 38. Kc3 Rxa2 39.
Kb3 Ra1 40. Kb2 Rd1 41. a5 Rd5 42. Nb3 f4 43. a6 Rd8 44. Kc3 f3 45. Nd2 f2 46.
Nf1 Ra8 47. Kd4 Rxa6 48. Ke3 Ra2 49. Kf3 Kg6 0-1